Statistiques concernant Pays où Aldi est implantés

Cliquez ici pour prendre le quiz!

Statistiques générales

  • Ce quiz a été pris 149 fois
  • Le résultat moyen est 15 sur 19

Statistiques - réponses

NuméroPays% Correct
9France
99%
1Allemagne
96%
4Belgique
96%
11Italie
96%
7Espagne
94%
16Royaume-Uni
89%
15Portugal
88%
18Suisse
87%
14Pologne
83%
3Autriche
79%
13Pays-Bas
79%
10Irlande
75%
8États-Unis
74%
12Luxembourg
74%
6Danemark
67%
5Chine
62%
17Slovénie
56%
19Hongrie
54%
2Australie
41%

Distribution des résultats

Percentile par nombre de réponses

% des personnes avec chaque résultat

Votre développement - résultats

Vous n’avez pas pris ce quiz